[Event "AUTO-ADV-1241"]
[Site "http://www.queenalice.com/game.php?id=549718"]
[Date "2009.3.3"]
[Round "1"]
[White "rob0330"]
[Black "pjanderson"]
[Result "1-0"]
[WhiteElo "1849"]
[BlackElo "1676"]

1. c4 g6 2. Nc3 Bg7 3. d4 Nc6 4. Nf3 Nf6 5. e4 O-O 6. e5 Ng4 7. h3 Nh6 8. Be2 f6
9. exf6 exf6 10. d5 Nb4 11. a3 Na6 12. O-O d6 13. Ne4 f5 14. Neg5 Nc5 15. b4 Nd7
16. Ne6 Qf6 17. Bxh6 Qxa1 18. Nxg7 Qxa3 19. Ne6 Re8 20. Nxc7 Re4 21. Nxa8 Qxb4
22. Ng5 Rh4 23. Nf7 Kxf7 24. Bg5 Re4 25. Nc7 Nc5 26. Nb5 Kg8 27. Nxd6 Re5 28.
Nxc8 Ne4 29. Bf4 Nc3 30. Kh2 Nxd1 31. Bxe5 Nc3 32. Bxc3 Qxc3 33. d6 Qe5+ 34. f4
Qxe2 35. d7 Qd2 36. Ne7+ Kf7 37. Nd5 Qa5 38. Rd1 Qd8 39. Ne3 Kf6 40. c5 g5 41.
fxg5+ Kxg5 42. Nc2 Qc7+ 43. Rd6 Qd8 44. Nb4 Kf4 45. c6 bxc6 46. Nxc6 Qg5 47. Kh1
Qg3 48. Rd1 Qf2 49. d8=Q Qe3 50. Qd6+ Kg5 51. Qe7+ Qxe7 52. Nxe7 f4 53. Nc6 Kh4
54. Rd3 h5 55. Nxa7 Kg5 56. Nc6 Kf5 57. Rd5+ Kg6 58. Kg1 Kh6 59. Nd4 Kg6 60. Kf2
Kf6 61. Rxh5 1-0

[Event "AUTO-ADV-1242"]
[Site "http://www.queenalice.com/game.php?id=550238"]
[Date "2009.3.4"]
[Round "1"]
[White "Artking"]
[Black "pjanderson"]
[Result "1-0"]
[WhiteElo "1664"]
[BlackElo "1532"]

1. e4 d5 2. exd5 Qxd5 3. d4 Nf6 4. c4 Qe4+ 5. Ne2 Bg4 6. f3 Bxf3 7. gxf3 Qxf3 8.
Rg1 Ne4 9. Rg2 Nc6 10. Nbc3 O-O-O 11. Nb5 a6 12. d5 axb5 13. cxb5 Nb4 14. Qa4
Nd3+ 15. Kd1 Qxf1+ 16. Kc2 Qxg2 17. Kxd3 Rxd5+ 18. Kc4 Rc5+ 19. Kd3 Qf3+ 20. Be3
Nf2+ 21. Kd2 Qd5+ 22. Nd4 Ne4+ 23. Ke1 e5 24. Rd1 Nd6 25. Qa8+ Kd7 26. Nf5 Qh1+
27. Ke2 Qxh2+ 28. Kf3 1-0

[Event "AUTO-ADV-1242"]
[Site "http://www.queenalice.com/game.php?id=550239"]
[Date "2009.3.4"]
[Round "1"]
[White "pjanderson"]
[Black "Artking"]
[Result "1-0"]
[WhiteElo "1657"]
[BlackElo "1844"]

1. c4 Nf6 2. d4 c5 3. d5 b5 4. e3 g6 5. Nf3 d6 6. cxb5 a6 7. Qa4 Bd7 8. Bc4 Qb6
9. Nc3 Bg7 10. O-O O-O 11. e4 Bg4 12. e5 dxe5 13. Nxe5 Nbd7 14. Bf4 Nh5 15. Nxd7
Bxd7 16. Be3 axb5 17. Qb3 Qd6 18. Bxb5 Bxc3 19. bxc3 Rfb8 20. c4 Nf6 21. Qd3 Bf5
22. Qd2 Ng4 23. Bf4 e5 24. Bg3 Kg7 25. f3 Nf6 26. Rfe1 Nxd5 27. Bxe5+ 1-0

[Event "AUTO-ADV-1242"]
[Site "http://www.queenalice.com/game.php?id=550252"]
[Date "2009.3.4"]
[Round "1"]
[White "pjanderson"]
[Black "flopp"]
[Result "0-1"]
[WhiteElo "1686"]
[BlackElo "1827"]

1. d4 d5 2. Nc3 c6 3. Bf4 Nf6 4. Nf3 Bf5 5. e3 Nbd7 6. Bd3 Bg6 7. Bxg6 hxg6 8.
O-O e6 9. a3 Be7 10. b4 b5 11. Bg5 Ne4 12. Bxe7 Qxe7 13. Qd3 Nxc3 14. Qxc3 Qd6
15. Ne5 f6 16. Nxc6 Qxh2# 0-1

[Event "AUTO-ADV-1242"]
[Site "http://www.queenalice.com/game.php?id=550253"]
[Date "2009.3.4"]
[Round "1"]
[White "flopp"]
[Black "pjanderson"]
[Result "0-1"]
[WhiteElo "1835"]
[BlackElo "1661"]

1. e4 Nf6 2. e5 Nd5 3. c4 Nf4 4. d4 Ng6 5. h4 Nc6 6. h5 Ngxe5 7. dxe5 e6 8. Nf3
Bb4+ 9. Bd2 Bxd2+ 10. Nbxd2 O-O 11. Bd3 Nb4 12. Bc2 d5 13. Rh4 dxc4 14. Rxc4 a5
15. a3 b5 16. Rc3 Nd5 17. Rd3 c6 18. Bb3 a4 19. Bxd5 exd5 20. Nd4 Qg5 21. Qf3
Qxe5+ 22. Qe3 Qxh5 23. Qe2 Bg4 24. N2f3 Bxf3 25. Qxf3 Qh1+ 26. Kd2 Qxa1 27. Nxc6
Qxb2+ 28. Ke3 Rae8+ 29. Kf4 Qf6+ 30. Kg3 Qxc6 0-1

[Event "AUTO-ADV-1242"]
[Site "http://www.queenalice.com/game.php?id=550254"]
[Date "2009.3.4"]
[Round "1"]
[White "pjanderson"]
[Black "thw"]
[Result "0-1"]
[WhiteElo "1693"]
[BlackElo "1914"]

1. e4 e6 2. Nf3 d5 3. Bb5+ c6 4. Ba4 b5 5. Bb3 a5 6. c3 dxe4 7. Ne5 Qg5 8. Ng4
f5 9. Ne3 f4 10. Ng4 e5 11. f3 Bxg4 12. fxg4 Qh4+ 13. Kf1 Bc5 14. d4 exd3 15.
Qf3 Nf6 16. h3 a4 17. Bd1 O-O 18. b4 e4 19. Qxf4 Nd5 20. Qxf8+ Kxf8 21. bxc5 e3
22. a3 Qf2# 0-1

[Event "AUTO-ADV-1242"]
[Site "http://www.queenalice.com/game.php?id=550255"]
[Date "2009.3.4"]
[Round "1"]
[White "thw"]
[Black "pjanderson"]
[Result "1-0"]
[WhiteElo "1907"]
[BlackElo "1680"]

1. e4 e5 2. Nf3 Nc6 3. Bb5 Bc5 4. O-O Nf6 5. Nc3 O-O 6. Bxc6 dxc6 7. Nxe5 Be6 8.
d3 Bd4 9. Nf3 Bg4 10. h3 Bxf3 11. Qxf3 Bxc3 12. bxc3 b5 13. Bg5 a5 14. e5 Qd5
15. exf6 Qxg5 16. fxg7 Rfe8 17. Rfe1 c5 18. Rab1 c4 19. dxc4 bxc4 20. Kf1 Rad8
21. Rxe8+ Rxe8 22. Rd1 Qxg7 23. Rd4 Qe5 24. Qg3+ Qxg3 25. fxg3 Re3 26. Rxc4 Rxg3
27. Rxc7 a4 28. Kf2 Rg5 29. Rb7 Rc5 30. Rb4 Rxc3 31. Rxa4 Rxc2+ 32. Kg3 f5 33.
Kf3 Kg7 34. Kf4 Rxg2 35. Kxf5 Rf2+ 36. Kg4 Kg6 37. Ra6+ Kg7 38. a4 Ra2 39. a5
Ra4+ 40. Kg5 Kf7 41. Ra8 Kg7 42. Ra7+ Kf8 43. h4 Kg8 44. h5 Kf8 45. Kh6 Kg8 46.
a6 Ra5 47. Ra8+ 1-0

[Event "AUTO-ADV-1245"]
[Site "http://www.queenalice.com/game.php?id=551677"]
[Date "2009.3.6"]
[Round "1"]
[White "DORLISS"]
[Black "pjanderson"]
[Result "1-0"]
[WhiteElo "1867"]
[BlackElo "1581"]

1. e4 e5 2. Nf3 Nc6 3. Bb5 Bc5 4. O-O Qf6 5. c3 a6 6. Ba4 b5 7. Bb3 d6 8. d4
exd4 9. Bg5 Qg6 10. Qd2 Nge7 11. cxd4 Bb4 12. Nc3 Bxc3 13. bxc3 Bb7 14. Qf4 Na5
15. Bxe7 Nxb3 16. axb3 Kxe7 17. e5 Bxf3 18. Qxf3 Rhe8 19. Qc6 Rec8 20. Rfe1 Kf8
21. Rxa6 Rab8 22. h3 dxe5 23. Qc5+ Qd6 24. Rxd6 cxd6 25. Qxd6+ Kg8 26. Qxe5 1-0

[Event "AUTO-ADV-1245"]
[Site "http://www.queenalice.com/game.php?id=551678"]
[Date "2009.3.6"]
[Round "1"]
[White "pjanderson"]
[Black "DORLISS"]
[Result "0-1"]
[WhiteElo "1586"]
[BlackElo "1862"]

1. e4 e5 2. Nc3 Nf6 3. Bc4 d6 4. Qe2 Be7 5. Nd5 Nbd7 6. d3 c6 7. Nxf6+ Nxf6 8.
Bg5 O-O 9. Bxf6 Bxf6 10. O-O-O b5 11. Bb3 a5 12. c3 a4 13. Bc2 b4 14. c4 b3 15.
Bb1 a3 16. f3 Bg5+ 17. Rd2 axb2+ 18. Kxb2 Bxd2 19. Qxd2 bxa2 20. Bxa2 Qb6+ 21.
Bb3 Bd7 22. Ne2 Rfb8 23. Qc3 c5 24. Rb1 Ba4 25. Nc1 Rb7 0-1

[Event "AUTO-ADV-1245"]
[Site "http://www.queenalice.com/game.php?id=551691"]
[Date "2009.3.6"]
[Round "1"]
[White "anax"]
[Black "pjanderson"]
[Result "1-0"]
[WhiteElo "1924"]
[BlackElo "1589"]

1. d4 d5 2. e3 Bf5 3. Nc3 e6 4. a3 Bd6 5. h3 Nf6 6. Nf3 O-O 7. Nh4 Ne4 8. Nxe4
Bxe4 9. Nf3 Bxf3 10. Qxf3 Nc6 11. Bd3 a6 12. g4 b5 13. h4 b4 14. a4 a5 15. Bb5
Na7 16. Bd3 c6 17. b3 c5 18. Bb2 Nc6 19. c3 e5 20. Bc2 e4 21. Qf5 Ne7 22. Qh5 g6
23. Qh6 f5 24. h5 Qe8 25. hxg6 Qxg6 26. g5 Rf7 27. Bd1 Raf8 28. Bh5 Qxh6 29.
gxh6 1-0

[Event "AUTO-ADV-1245"]
[Site "http://www.queenalice.com/game.php?id=551692"]
[Date "2009.3.6"]
[Round "1"]
[White "pjanderson"]
[Black "anax"]
[Result "0-1"]
[WhiteElo "1592"]
[BlackElo "1921"]

1. d4 e6 2. e3 d5 3. Bd3 a6 4. Nf3 h6 5. Ne5 Nd7 6. Qh5 Nxe5 7. Qxe5 Nf6 8. O-O
Bd6 9. Qxf6 Qxf6 10. Nc3 Qh4 11. h3 c6 12. a3 e5 13. dxe5 Bxe5 14. f4 Bxc3 15.
bxc3 O-O 16. Bd2 Re8 17. f5 b5 18. Rf4 Qg5 19. h4 Qg3 20. Raf1 Rxe3 21. Bxe3
Qxe3+ 22. Kh2 Qe5 23. g3 c5 24. f6 Be6 25. fxg7 Kxg7 26. Bf5 Qxc3 27. Bxe6 fxe6
28. Rf7+ Kg8 29. R7f6 Qxc2+ 0-1

[Event "AUTO-ADV-1245"]
[Site "http://www.queenalice.com/game.php?id=551701"]
[Date "2009.3.6"]
[Round "1"]
[White "pjanderson"]
[Black "kingg"]
[Result "0-1"]
[WhiteElo "1627"]
[BlackElo "1663"]

1. c4 e5 2. e4 Nc6 3. d3 Bc5 4. Nc3 Nf6 5. Bg5 h6 6. Bxf6 Qxf6 7. Qf3 Nd4 8.
Qxf6 gxf6 9. O-O-O d6 10. Nd5 Bb6 11. Nxf6+ Kd8 12. Be2 Be6 13. b4 Ke7 14. Nd5+
Bxd5 15. exd5 Rhg8 16. g3 c5 17. a3 Rac8 18. Kb2 a5 19. b5 Rg5 20. h4 Rf5 21.
Bg4 Rxf2+ 22. Kb1 Rg8 23. Nh3 Rg2 24. Rdg1 Rxg1+ 25. Rxg1 Rxg4 26. Kb2 a4 27.
Nf2 Rg8 28. Ne4 Ba5 29. h5 f5 30. Nf2 Bc3+ 31. Kb1 Rg5 32. g4 f4 33. Ne4 Rg8 34.
Nxc3 f3 35. Ne4 Ne2 36. Rf1 Rxg4 37. Rxf3 Rh4 38. Rf6 Rxe4 39. Rxh6 Kd8 40.
Rxd6+ Kc7 41. Rf6 Rd4 42. Rf3 Rh4 43. Rf5 Rh1+ 44. Kb2 Nc1 45. Kc2 Ne2 46. Rxe5
Rh2 47. Kd1 Nf4 0-1

[Event "AUTO-ADV-1245"]
[Site "http://www.queenalice.com/game.php?id=551702"]
[Date "2009.3.6"]
[Round "1"]
[White "kingg"]
[Black "pjanderson"]
[Result "0-1"]
[WhiteElo "1617"]
[BlackElo "1684"]

1. e4 e5 2. Nf3 d6 3. Bc4 Bg4 4. O-O Nf6 5. d3 Bxf3 6. Qxf3 Nc6 7. Nc3 Nd4 8.
Qd1 c6 9. f4 b5 10. Bb3 Be7 11. f5 O-O 12. Be3 Qb6 13. a4 b4 14. a5 Qb7 15. Ne2
Nxe2+ 16. Qxe2 d5 17. a6 Qd7 18. d4 Nxe4 19. dxe5 Bc5 20. Rf3 Ng5 21. Bxc5 Nxf3+
22. Qxf3 Rfe8 23. Re1 Rab8 24. Bd4 Rb5 25. Qg4 c5 26. e6 fxe6 27. fxe6 Qe7 28.
Bf6 Qxf6 29. Ba4 Rbb8 30. Bxe8 Rxe8 31. b3 Re7 32. Rf1 Qd4+ 33. Qxd4 cxd4 34. g4
Rxe6 35. Rd1 Re4 36. c4 bxc3 37. h3 c2 38. Rc1 d3 39. Kf1 d2 0-1

[Event "AUTO-ADV-1259"]
[Site "http://www.queenalice.com/game.php?id=558258"]
[Date "2009.3.19"]
[Round "1"]
[White "pjanderson"]
[Black "Mikalus"]
[Result "0-1"]
[WhiteElo "1707"]
[BlackElo "1932"]

1. d4 d5 2. e3 e6 3. c4 c5 4. dxc5 Bxc5 5. b3 Nf6 6. Bb2 Nc6 7. Bxf6 Qxf6 8. Nd2
Nb4 9. Bd3 Nxd3+ 10. Kf1 Qxf2# 0-1

[Event "AUTO-ADV-1259"]
[Site "http://www.queenalice.com/game.php?id=558259"]
[Date "2009.3.19"]
[Round "1"]
[White "Mikalus"]
[Black "pjanderson"]
[Result "1-0"]
[WhiteElo "1927"]
[BlackElo "1612"]

1. e4 c5 2. Bc4 e5 3. Nf3 d6 4. c3 Bg4 5. Be2 Bxf3 6. Bxf3 Nf6 7. d4 cxd4 8.
cxd4 Nc6 9. dxe5 dxe5 10. O-O Be7 11. Nc3 Qxd1 12. Rxd1 1-0

[Event "AUTO-ADV-1259"]
[Site "http://www.queenalice.com/game.php?id=558260"]
[Date "2009.3.19"]
[Round "1"]
[White "pjanderson"]
[Black "vindaloo"]
[Result "0-1"]
[WhiteElo "1674"]
[BlackElo "1880"]

1. b3 b5 2. Bb2 Bb7 3. Nc3 a6 4. e3 c5 5. a3 Nf6 6. Nf3 e6 7. Bd3 Be7 8. O-O O-O
9. a4 b4 10. Ne2 a5 11. Bb5 d6 12. c3 Nc6 13. c4 e5 14. Bxc6 Bxc6 0-1

[Event "AUTO-ADV-1259"]
[Site "http://www.queenalice.com/game.php?id=558261"]
[Date "2009.3.19"]
[Round "1"]
[White "vindaloo"]
[Black "pjanderson"]
[Result "1-0"]
[WhiteElo "1898"]
[BlackElo "1596"]

1. c4 c5 2. Nc3 a5 3. b3 b6 4. Bb2 Nf6 5. e3 e6 6. Nf3 Bd6 7. d4 O-O 8. d5 Bb7
9. dxe6 dxe6 10. Bd3 Bxf3 11. Qxf3 Na6 12. a3 Be5 13. Bc2 Qd7 14. Rd1 Qc7 15. g3
1-0

[Event "AUTO-ADV-1259"]
[Site "http://www.queenalice.com/game.php?id=558262"]
[Date "2009.3.19"]
[Round "1"]
[White "pjanderson"]
[Black "Henri_AnArquiA_"]
[Result "0-1"]
[WhiteElo "1556"]
[BlackElo "1722"]

1. d4 d5 2. b4 c6 3. Ba3 g6 4. Nc3 a6 5. Nf3 Bf5 6. e3 Bg4 7. Be2 e6 8. Ne5 Bxe2
9. Qxe2 Bg7 10. Ng4 Nf6 11. O-O b5 12. Qf3 O-O 13. e4 Nxg4 14. Qxg4 Bxd4 15. Bb2
Qf6 16. Qf3 Qxf3 17. gxf3 Bxc3 18. Bxc3 Nd7 19. e5 f6 20. f4 fxe5 21. fxe5 Rf5
22. f4 c5 23. bxc5 Nxc5 24. Bd4 Ne4 25. Rad1 Raf8 26. Rde1 Rxf4 27. Rxf4 Rxf4
28. a4 Rg4+ 29. Kf1 Nd2+ 30. Kf2 Rxd4 31. Ke3 Rxa4 32. Kxd2 Rf4 33. Kd3 g5 34.
Rg1 h6 0-1

[Event "AUTO-ADV-1259"]
[Site "http://www.queenalice.com/game.php?id=558263"]
[Date "2009.3.19"]
[Round "1"]
[White "Henri_AnArquiA_"]
[Black "pjanderson"]
[Result "1-0"]
[WhiteElo "1712"]
[BlackElo "1566"]

1. e4 c5 2. c3 b5 3. d4 c4 4. Nf3 Bb7 5. Nbd2 Nf6 6. e5 Bxf3 7. Qxf3 Ng8 8. b3
d5 9. exd6 Nd7 10. dxe7 Bxe7 11. bxc4 bxc4 12. Bxc4 Bf6 13. O-O Ne7 14. Ne4 O-O
15. Nxf6+ Nxf6 16. Bg5 Ned5 17. Bxd5 Qxd5 18. Bxf6 Qxf3 19. gxf3 gxf6 20. Kg2
Rac8 21. Rac1 Rfe8 22. Rc2 Kg7 23. c4 Kg6 24. c5 Kf5 25. Rb1 Red8 26. Rb7 Rxd4
27. Rxa7 Kg6 28. c6 Rd5 29. a4 Kh5 30. Rxf7 Rg8+ 31. Kf1 Kg6 32. Rd7 Rxd7 33.
cxd7 Rd8 34. Rd2 Kf7 35. Kg2 Ke7 36. a5 1-0

[Event "AUTO-ADV-1261"]
[Site "http://www.queenalice.com/game.php?id=558930"]
[Date "2009.3.20"]
[Round "1"]
[White "pjanderson"]
[Black "rob0330"]
[Result "0-1"]
[WhiteElo "1609"]
[BlackElo "1870"]

1. c4 Nf6 2. e3 d5 3. c5 e5 4. d4 Nc6 5. Bb5 Bg4 6. f3 Bd7 7. Ne2 exd4 8. Bxc6
Bxc6 9. Nxd4 Qd7 10. b4 a5 11. Bd2 b6 12. O-O axb4 13. cxb6 cxb6 14. Qb3 Bc5 15.
Nxc6 Qxc6 16. Bxb4 O-O 17. Bxc5 bxc5 18. Nc3 c4 19. Qc2 Rfe8 20. a4 Rxe3 21. Nb5
Re7 22. Nd4 Qc5 0-1

[Event "AUTO-ADV-1261"]
[Site "http://www.queenalice.com/game.php?id=558931"]
[Date "2009.3.20"]
[Round "1"]
[White "rob0330"]
[Black "pjanderson"]
[Result "1-0"]
[WhiteElo "1883"]
[BlackElo "1697"]

1. b3 d5 2. Bb2 e6 3. Nf3 Bd6 4. Bxg7 f6 5. Bxh8 e5 6. e3 e4 7. Nd4 Be5 8. Qh5+
Kd7 9. Qf7+ Ne7 10. Bxf6 Bxf6 11. Qxf6 c6 12. Nf5 Nxf5 13. Qxf5+ Ke7 14. Qxh7+
Kf6 15. Qh4+ 1-0

[Event "AUTO-ADV-1261"]
[Site "http://www.queenalice.com/game.php?id=558932"]
[Date "2009.3.20"]
[Round "1"]
[White "pjanderson"]
[Black "PedroNRF"]
[Result "0-1"]
[WhiteElo "1640"]
[BlackElo "1719"]

1. c4 d5 2. c5 Nc6 3. e3 e5 4. d4 e4 5. Bb5 Rb8 6. Bxc6+ bxc6 7. Ne2 Qg5 8. O-O
Bh3 9. Nf4 Bg4 10. Qa4 Bd7 0-1

[Event "AUTO-ADV-1261"]
[Site "http://www.queenalice.com/game.php?id=558933"]
[Date "2009.3.20"]
[Round "1"]
[White "PedroNRF"]
[Black "pjanderson"]
[Result "1-0"]
[WhiteElo "1705"]
[BlackElo "1654"]

1. d4 d5 2. Bf4 Nf6 3. Nc3 e6 4. h3 Bb4 5. Rb1 Bxc3+ 6. bxc3 b6 7. e3 Ne4 8. Rb3
O-O 9. Bd3 c5 10. Bxe4 dxe4 11. dxc5 1-0